000
00316nam a2200121Ia 4500
008
230724s2007 xx und d
041
_a
eng
082
_a
720
100
_a
FREDERICK M.
245
_a
101 THINGS I LEARNED IN ARCHITECTURE SCHOOL.
260
_b
MIT PRESS 55, HAYWARD CAMBRIDGE
_c
2007
300
_a
101
999
_c
1177272
_d
1177272